505 - Arctic Monkeys - Statistiques

Statistiques générales
  • Ce quiz a été pris 141 fois
  • Le résultat moyen est 153 sur 210
Statistiques - réponses
Hint Lyrics % Correct
I
100%
to
99%
back
98%
go
98%
going
98%
a
97%
chorus | verse I'm
97%
505
96%
in
92%
you
91%
if
88%
it
88%
it's
88%
my
88%
hour
86%
seven
86%
your
86%
and
85%
drive
85%
minute
84%
or
84%
flight
83%
imagination
83%
with
83%
on
82%
when
82%
wait
81%
hands
79%
between
78%
me
78%
forty-five
76%
sec
76%
side
76%
did
75%
at
74%
look
74%
chorus stop
74%
like
73%
what
73%
you're
73%
expect
72%
lyin'
71%
neck
71%
that
71%
waitin'
71%
darlin'
70%
the
70%
time
70%
around
69%
last
69%
thighs
69%
checked
65%
adore
63%
cry
63%
of
63%
probably
62%
still
61%
verse but
57%
no
56%
crumble
55%
smile
53%
I'd
52%
spark
50%
Not
49%
shy
48%
goodbye
46%
completly
44%
seems
43%
perfect
39%
by
38%
once
38%
again
37%
eyes
37%
place
37%
adventure
36%
greet
36%
soon
36%
start
36%
surprise
36%
had
35%
mark
35%
such
35%
just
34%
middle
34%
spoil
34%
always
33%
too
33%
about
32%
take
32%
you've
31%
should
30%
frightened
29%
off
29%
though
28%
twists
28%
knife
27%
short
27%
fall
25%
than
24%
harsher
23%
bark
22%
bite
22%
thought
20%
Aucun quiz correspondant
Distribution des résultats
% des personnes avec chaque résultat
Percentile par nombre de réponses
Votre historique - résultats
Vous n’avez pas pris ce quiz